Obras Completas: Marginalia

Uloženo v:
Podrobná bibliografie
Hlavní autor: Reyes, Alfonso
Médium: Kniha
Jazyk:Undetermined
Vydáno: México, Distrito Federal Fondo de Cultura Económica 1989
Témata:
Tagy: Přidat tag
Žádné tagy, Buďte první, kdo vytvoří štítek k tomuto záznamu!

MARC

LEADER 00000nam a2200000Ia 4500
008 170316s9999 xx 000 0 und d
040 |a cru BVZT 
090 |a 860 R-6o v.22 
100 |a Reyes, Alfonso 
245 |a Obras Completas: Marginalia 
260 |a México, Distrito Federal 
260 |b Fondo de Cultura Económica 
260 |c 1989 
300 |a 894 páginas Tomo XXII. 
650 |a LITERATURA LATINOAMERICANA 
999 |c 9180  |d 9180 
942 |c 15 D  |h 860 R-6o v.22  |2 z